Profile: Abraham Quiz Stats

 Plays Quiz not verified by Sporcle

Score 0/17 Timer 05:00
1 Play Today
Question Answer % Correct
First wifeSarah (Sarai)
83.9%
Second sonIsaac
81%
Original nameAbram
75.7%
Nephew, who came with Abraham when leaving UrLot
65.3%
Land to which they fled to avoid famineEgypt
63.1%
Author of the Epistle to the Romans which describes Abraham as righteous by faithPaul
59.3%
Oldest sonIshmael
58.1%
Two cities that the Lord planned to destroy and Abraham pleaded for him not to destroy if there were at least five righteous people thereSodom and Gomorrah
57.2%
Wife's servant whom Abraham had a child withHagar
55.6%
Question Answer % Correct
Second son's wifeRebekah
52.8%
FatherTerah
24.5%
Priest and king whom Abraham gave tithe to and who blessed AbrahamMelchizedek
23.3%
Brothers (name one)Nahor and Haran
20.6%
Second wife whom he married after the death of the first wifeKeturah
19%
Place where they settled for a while before moving to Canaan (where the father died)Harran
17.2%
Land to which Abraham was told to go and sacrifice his sonMoriah
15.2%
Cave near Mambre where Abraham and his wife are buriedMachpelah
11.2%

You're not logged in!

Compare scores with friends on all Sporcle quizzes.
OR
Log In

Show Comments

Extras

Top Quizzes Today


Score Distribution

Your Account Isn't Verified!

In order to create a playlist on Sporcle, you need to verify the email address you used during registration. Go to your Sporcle Settings to finish the process.

Report this User

Report this user for behavior that violates our Community Guidelines.

Details: